|
|
|
|
| LEADER |
00000cam a2200000 a 4500 |
| 001 |
vtls001457083 |
| 003 |
SK-MaSNL |
| 005 |
20260301014024.0 |
| 008 |
240226s2003 xo gr 000 f slo |
| 015 |
|
|
|a SNBA2003/11-04366
|
| 020 |
|
|
|a 8022012386
|q (viazané)
|
| 035 |
|
|
|a SNK000412390
|
| 035 |
|
|
|a urn:nbn:sk:snk-am3j1as
|
| 035 |
|
|
|a 0F242D13-A1DB-4E0C-9C87-D9D29B5A887C
|
| 035 |
|
|
|a urn:nbn:sk:snk-am00gfaf
|
| 040 |
|
|
|a SNK
|b slo
|c SNK
|e AACR2
|
| 041 |
0 |
|
|a slo
|
| 044 |
|
|
|a xo
|c SK
|
| 072 |
|
7 |
|a 821.162.4-3
|x Slovenská próza
|2 konspekt
|
| 080 |
|
|
|a 821.162.4-31
|2 2011
|
| 080 |
|
|
|a 82-311.4
|2 2011
|
| 100 |
1 |
|
|a Haratík, Vladimír,
|d 1960-2016
|4 aut
|9 168427
|
| 245 |
1 |
0 |
|a Sladký jed
|c Vlado Haratík
|
| 250 |
|
|
|a 1. vyd.
|
| 260 |
|
|
|a Bratislava
|b Slovenský spisovateľ
|c 2003
|
| 300 |
|
|
|a 175 strán
|c 21 cm
|
| 655 |
|
7 |
|a spoločenské romány
|2 SNKPH
|9 70538
|
| 655 |
|
7 |
|a slovenské romány
|2 SNKPH
|9 70324
|
| 919 |
|
|
|a 80-220-1238-6
|
| 958 |
|
|
|a TL
|
| 958 |
|
|
|a LX
|
| 999 |
|
|
|c 557613
|d 559543
|
| 952 |
|
|
|t P60, <03>, [BOOK], {603}
|a SNK
|b SNK
|y PREZ
|7 0
|p 17A0391573
|o snkSC 112318
|i snkKSP 8804/2003
|0 0
|1 0
|4 0
|d 2003-07-23
|f 1
|l 0
|r 2025-10-02 00:00:00
|w 2026-02-23
|
| 952 |
|
|
|t P60, <05>, [BOOK], {605}
|a SNK
|b SNK
|y PREZ
|7 0
|p 17A0391574
|o snkSC 112318 D1
|i snkKSP 8805/2003
|0 0
|1 0
|4 0
|d 2003-07-23
|l 0
|r 2005-01-02 00:00:00
|w 2026-02-23
|